| 000 | 00516nam a2200181Ia 4500 | ||
|---|---|---|---|
| 999 |
_c33993 _d33993 |
||
| 003 | OSt | ||
| 005 | 20200918121009.0 | ||
| 008 | 190216s9999||||xx |||||||||||||| ||und|| | ||
| 020 | _a9780521638982 | ||
| 040 | _coclc | ||
| 082 |
_a520 _bNAR/S |
||
| 100 |
_aNarlikar, Jayant Vishnu _9370 |
||
| 245 | 0 |
_aSeven Wonders Of The Cosmos / _cJayant Vishnu Narlikar |
|
| 260 |
_bCambridge Uty Press, _aUK: _c1999. |
||
| 300 | _a324p | ||
| 650 | _aPhysics | ||
| 942 |
_cBK _2ddc _h520 _iNAR/S _k520 _mNAR/S |
||